00813cam a22002653a 45000010005000000030006000050050017000110080041000280400015000690420007000840500007000911000053000982450069001512600029002205060030002495160020002796530040002996530046003396530031003856530021004166530024004376530017004618300028004788560041005064075PGUSA20140828083048.0030501s2003||||xxu|||||s|||||000 1 eng d aPGUSAbeng adc 4aPR1 aWodehouse, P. G.q(Pelham Grenville),d1881-197514aThe Intrusion of Jimmyh[electronic resource] /cP. G. Wodehouse bProject Gutenberg,c2003 aPublic domain in the USA. aElectronic text aBritish -- United States -- Fiction aPolice -- Family relationships -- Fiction aNew York (N.Y.) -- Fiction aHumorous stories aBurglary -- Fiction aLove stories 0aProject Gutenbergv407540uhttp://www.gutenberg.org/ebooks/4075